000 00353nam a2200145Ia 4500
008 230312s9999||||xx |||||||||||||| ||und||
020 _a0-7895-6281-2
082 _a005.756
_bCAS-M
100 _aCashman;Shelly
245 0 _aMicrosoft Access 2003
260 _bThomson
_aAustralia
_c2002
300 _a643
650 _aComputer
_vComputer
942 _cBK
999 _c15500
_d15500